Introduction to Quantum Mechanics (Record no. 20436)
[ view plain ]
| 000 -LEADER | |
|---|---|
| fixed length control field | 00344nam a2200157Ia 4500 |
| 082 ## - DEWEY DECIMAL CLASSIFICATION NUMBER | |
| Classification number | 530.12/GRI |
| Item number | GRI |
| 100 ## - MAIN ENTRY--PERSONAL NAME | |
| Personal name | Griffiths/David J |
| 250 ## - EDITION STATEMENT | |
| Edition statement | 2 |
| 245 ## - TITLE STATEMENT | |
| Title | Introduction to Quantum Mechanics |
| 260 ## - PUBLICATION, DISTRIBUTION, ETC. | |
| Name of publisher, distributor, etc. | Pearson Education |
| Place of publication, distribution, etc. | Mumbai |
| Date of publication, distribution, etc. | 2005 |
| 366 ## - TRADE AVAILABILITY INFORMATION | |
| Publishers's discount category | 20 |
| 300 ## - PHYSICAL DESCRIPTION | |
| Extent | 480 |
| 546 ## - LANGUAGE NOTE | |
| Language note | ENGLISH |
| 654 ## - SUBJECT ADDED ENTRY--FACETED TOPICAL TERMS | |
| Focus term | quantum |
| 942 ## - ADDED ENTRY ELEMENTS (KOHA) | |
| Koha item type | BOOK |
| Withdrawn status | Lost status | Damaged status | Not for loan | Collection | Home library | Current library | Shelving location | Date acquired | Source of acquisition | Cost, normal purchase price | Total Checkouts | Full call number | Barcode | Date last seen | Cost, replacement price | Price effective from | Koha item type |
|---|---|---|---|---|---|---|---|---|---|---|---|---|---|---|---|---|---|
| CRC | Fr. Agnel's C.Rodrigues College of Engineering | Fr. Agnel's C.Rodrigues College of Engineering | 17/03/2023 | Professional Book House. | 255.00 | 530.12/GRI GRI | 16786 | 17/03/2023 | 275.00 | BOOK | |||||||
| CRC | Fr. Agnel's C.Rodrigues College of Engineering | Fr. Agnel's C.Rodrigues College of Engineering | 17/03/2023 | Professional Book House. | 255.00 | 530.12/GRI GRI | 16787 | 17/03/2023 | 275.00 | BOOK | |||||||
| CRC | Fr. Agnel's C.Rodrigues College of Engineering | Fr. Agnel's C.Rodrigues College of Engineering | 17/03/2023 | Professional Book House. | 255.00 | 530.12/GRI GRI | 16788 | 17/03/2023 | 275.00 | BOOK | |||||||
| CRC | Fr. Agnel's C.Rodrigues College of Engineering | Fr. Agnel's C.Rodrigues College of Engineering | 17/03/2023 | Professional Book House. | 255.00 | 530.12/GRI GRI | 16789 | 17/03/2023 | 275.00 | BOOK | |||||||
| CRC | Fr. Agnel's C.Rodrigues College of Engineering | Fr. Agnel's C.Rodrigues College of Engineering | 17/03/2023 | Professional Book House. | 255.00 | 530.12/GRI GRI | 16790 | 17/03/2023 | 275.00 | BOOK |